Guess the Changing Flags #3 - Statistics

General Stats
  • This quiz has been taken 42 times
  • The average score is 10 of 15
Answer Stats
Hint Answer % Correct
Rotate by 180 degrees Ivory Coast
97%
Rotate to the right by 90 degrees and adda blue wheel of dharma in the middle India
93%
Paint the wheel orange and make it a circle Niger
90%
Remove the circle and paint the top stripe red Hungary
86%
Paint the bottom stripe black Yemen
79%
Add a green triangle in the left Sudan
76%
Add a white star in the triangle Jordan
69%
Paint the whole flag the color of the triangle,move the star to the middle and paint yellow Vietnam
66%
Add a blue stripe in the middle, replace the starwith a circle and paint it white Laos
59%
Paint the triangle the color of the top stripe,the bottom stripe the color of the triangle and the top stripe the color of the bottom one Palestine
59%
Swap the colors of the middle stripe and the extreme ones Costa Rica
55%
Remove the circle and add two white stripesbetween the stripes which already exist Thailand
52%
Paint the background green Bangladesh
48%
Paint everything outside the circle the circle's color,move the star to the middle and replace it with another circle Japan
48%
Add a white circle with a star cut out in its center in the left North Korea
48%
No matching quizzes found
Score Distribution
Percent of People with Each Score
Percentile by Number Answered
Your Score History
You have not taken this quiz